[Event "Eastern Idaho Open"]
[Site "Pocatello, ID"]
[Date "2012.09.22"]
[Round "2.2"]
[White "Corrigan, Michael"]
[Black "Gorman, Cody Austin"]
[Result "0-1"]
[WhiteElo "1767"]
[BlackElo "1383"]

1. d4 Nf6 2. Nc3 d5 3. e4 dxe4 4. f3 exf3 5. Nxf3 e6 6. Bd3 c5 7. Bf4 Nc6 8.
Nb5 Nd5 9. Be5 f6 10. Bg3 a6 11. Nc3 cxd4 12. Ne2 Ne3 13. Qd2 Nxg2+ 14. Kf2
Ne3 15. Rhe1 Bc5 16. a3 e5 17. b4 Ba7 18. a4 Bh3 19. Kg1 Qd5 20. Nh4 g5 21.
Nf4 exf4 22. Bxf4 gxf4 23. Kf2 Qg5 24. b5 Qxh4+ 25. Kg1 Qg4+ 26. Kh1 Bg2+ 27.
Qxg2 Qxg2# 0-1

[Event "Eastern Idaho Open"]
[Site "Pocatello, ID"]
[Date "2012.09.22"]
[Round "2.3"]
[White "Hollingsworth, Gary M"]
[Black "Roland, Jeffrey T"]
[Result "1-0"]
[WhiteElo "1365"]
[BlackElo "1700"]

1. e4 e5 2. Nf3 Nc6 3. d4 exd4 4. Bc4 Nf6 5. e5 d5 6. Bb3 Ne4 7. c3 Be6 8.
cxd4 Be7 9. O-O O-O 10. Be3 f6 11. Nc3 Nxc3 12. bxc3 Bg4 13. h3 Be6 14. Qd3
fxe5 15. dxe5 Rxf3 16. gxf3 Nxe5 17. Qe2 Bxh3 18. Bd4 Bxf1 19. Qxe5 Bf6 20.
Qxd5+ Kh8 21. Qxd8+ Bxd8 22. Kxf1 c6 23. Re1 {#r} 1-0

[Event "Eastern Idaho Open"]
[Site "Pocatello, ID"]
[Date "2012.09.22"]
[Round "2.4"]
[White "Pemsler, Carmen"]
[Black "Porth, Adam"]
[Result "1/2-1/2"]
[WhiteElo "1484"]
[BlackElo "1304"]

1. c4 Nf6 2. Nc3 e5 3. e4 c6 4. d3 Bb4 5. Nge2 Qb6 6. h3 d5 7. Bd2 Bc5 8. Be3
d4 9. Na4 Qa5+ 10. Bd2 Bb4 11. b3 Be6 12. a3 Bxd2+ 13. Qxd2 Qxd2+ 14. Kxd2
Nbd7 15. Ng3 b5 16. Nb2 Nc5 17. Kc2 Rb8 18. b4 Ncd7 19. c5 O-O 20. Be2 Ra8 21.
Rhc1 a5 22. Bd1 axb4 23. axb4 Ra2 24. Rxa2 Bxa2 25. Ra1 Ra8 26. Kd2 Ra3 27.
Ne2 Nb8 28. Nc1 Na6 29. Rxa2 Rxa2 30. Nxa2 g5 31. Kc2 h5 32. g4 h4 33. Kb3 Nc7
34. Nc1 Ne6 35. Ne2 Nh7 36. Ka3 Nhf8 37. Bb3 Ng7 38. Ng1 Ng6 39. Ne2 Kf8 40.
Nd1 Ke7 41. f3 Kf6 42. Nf2 Ne8 43. Ba2 Kg7 44. Nc1 Nc7 45. Nb3 Ne7 46. Na5 Kf8
47. Nb7 f6 48. Nd6 Ng6 49. Nb7 Ke7 50. Nd6 Nf4 51. Nf5+ Kf8 52. Bb3 Na6 53.
Nh6 Ne2 54. Ng8 Kg7 55. Ne7 Nb8 56. Nf5+ Kf8 57. Bd1 Na6 58. Nd6 Nf4 59. Bb3
Ke7 60. Bf7 Nb8 {#d} 1/2-1/2

[Event "Eastern Idaho Open"]
[Site "Pocatello, ID"]
[Date "2012.09.22"]
[Round "2.5"]
[White "Shirts, Kerry Alma"]
[Black "Blake, Lloyd"]
[Result "0-1"]
[WhiteElo "789"]
[BlackElo "1061"]

1. d4 Nf6 2. c4 e6 3. Nc3 Bb4 4. Nf3 O-O 5. Bg5 Qe8 6. e3 Ne4 7. Rc1 Nxc3 8.
bxc3 Ba3 9. Rb1 Be7 10. h4 d6 11. Bd3 Nc6 12. Bxe7 Qxe7 13. Qc2 g6 14. h5 e5
15. hxg6 fxg6 16. Bxg6 hxg6 17. Ke2 Bf5 18. e4 Bg4 19. Rh6 Qf6 20. Qd3 Bh5 21.
dxe5 Nxe5 22. Qe3 Ng4 23. Qd4 Nxh6 24. Qxf6 Rxf6 25. Rxb7 Re8 26. Ke3 Bxf3 27.
gxf3 Ref8 {#R} 0-1

[Event "Eastern Idaho Open"]
[Site "Pocatello, ID"]
[Date "2012.09.22"]
[Round "3.1"]
[White "Gorman, Cody Austin"]
[Black "Hollingsworth, Gary M"]
[Result "1-0"]
[WhiteElo "1383"]
[BlackElo "1365"]

1. b3 d5 2. Bb2 Nc6 3. e3 e5 4. Bb5 Bd6 5. f4 Qe7 6. Nf3 f6 7. fxe5 fxe5 8.
Bxc6+ bxc6 9. Nxe5 Qg5 10. Nf3 Qg6 11. d3 Bf5 12. Qe2 O-O-O 13. Nh4 Bg3+ 14.
hxg3 Qxg3+ 15. Qf2 {#r} 1-0

[Event "Eastern Idaho Open"]
[Site "Pocatello, ID"]
[Date "2012.09.22"]
[Round "3.2"]
[White "Morrow, Hans M"]
[Black "Porth, Adam"]
[Result "1-0"]
[WhiteElo "1900"]
[BlackElo "1304"]

1. d4 e6 2. e4 d5 3. e5 c5 4. c3 Bd7 5. f4 Nh6 6. Bd3 c4 7. Bc2 f5 8. Nf3 Be7
9. Qe2 a6 10. g3 Nf7 11. b4 Nc6 12. a4 b6 13. Na3 Na7 14. O-O Rb8 15. Kh1 O-O
16. Nb1 b5 17. axb5 Bxb5 18. Ba4 Qd7 19. Bxb5 axb5 20. Bb2 Nc6 21. Na3 Rb7 22.
Nc2 Ra7 23. Ne3 Rxa1 24. Rxa1 Nh6 25. h3 Qe8 26. Qf1 Qh5 27. Kg2 g5 28. Nxg5
Bxg5 29. fxg5 Qxg5 30. Qf4 Qh5 31. Qf3 Qg5 32. Bc1 Qg6 33. Kh2 Nf7 34. Ng2 Ng5
35. Bxg5 Qxg5 36. Nf4 Qe7 37. Nh5 Nxb4 38. cxb4 Qxb4 39. Ra7 Qd2+ 40. Qg2 Qxd4
41. Rg7+ Kh8 42. Qe2 c3 43. Rc7 Qd2 44. Qg2 b4 45. Nf6 Rxf6 46. exf6 Kg8 47.
g4 b3 48. Rxc3 Qf4+ 49. Rg3 fxg4 50. hxg4 Qh6+ 51. Kg1 Qc1+ 52. Qf1 Qc5+ 53.
Kh1 b2 54. Qb1 {#r} 1-0

[Event "Eastern Idaho Open"]
[Site "Pocatello, ID"]
[Date "2012.09.22"]
[Round "3.3"]
[White "Corrigan, Michael"]
[Black "Owen, Gary"]
[Result "0-1"]
[WhiteElo "1767"]
[BlackElo "1587"]

1. d4 Nf6 2. Nc3 g6 3. e4 d6 4. f4 Bg4 5. Nf3 Bg7 6. Bc4 O-O 7. O-O Nxe4 8.
Bxf7+ Rxf7 9. Nxe4 d5 10. Ng3 Nc6 11. c3 e6 12. Qe1 Rf8 13. Be3 Bf5 14. Ne5
Nxe5 15. fxe5 Bd3 16. Rxf8+ Qxf8 17. Qd2 Bb5 18. b3 c5 19. a4 Ba6 20. Ne2 Bxe2
21. Qxe2 Qe7 22. Qd2 Rf8 23. Rc1 Qh4 24. Bg5 Qh5 25. Be3 Rc8 26. Rf1 Rf8 27.
Re1 Qf5 28. Qe2 a6 29. b4 c4 30. b5 axb5 31. axb5 Ra8 32. Rf1 Qe4 33. Qd2 Ra3
34. Qf2 h6 35. Qf7+ Kh7 36. Bd2 Ra2 37. Bc1 Qxg2# 0-1

[Event "Eastern Idaho Open"]
[Site "Pocatello, ID"]
[Date "2012.09.22"]
[Round "3.4"]
[White "Roland, Jeffrey T"]
[Black "Nathan, Jacob Ari"]
[Result "1-0"]
[WhiteElo "1700"]
[BlackElo "665"]

1. e4 c5 2. Nc3 d6 3. g3 Nf6 4. Bg2 Nc6 5. d3 g6 6. f4 Bg4 7. Nf3 Nd4 8. O-O
Nxf3+ 9. Bxf3 Bh3 10. Rf2 Qd7 11. e5 Ng4 12. Re2 Bg7 13. exd6 Qxd6 14. Nb5 Qb6
15. c4 a6 16. Bxb7 axb5 17. Bxa8 Bd4+ 18. Kh1 Nf2+ 19. Rxf2 Bxf2 20. Qf3 O-O
21. cxb5 Qxb5 22. Bd5 e6 23. Bc4 Qa4 24. b3 Qa5 25. Qxf2 Qa8+ 26. Kg1 h5 27.
a4 Qb7 28. Ra2 Qb4 29. Bd2 Qb7 30. Bc3 Kh7 31. Qe3 Qc6 32. Bb5 Qd5 33. Qe5 f6
34. Qxd5 exd5 35. d4 cxd4 36. Bxd4 Re8 37. Bxe8 {#r} 1-0

[Event "Eastern Idaho Open"]
[Site "Pocatello, ID"]
[Date "2012.09.22"]
[Round "3.5"]
[White "Avila, Joe L"]
[Black "Blake, Lloyd"]
[Result "1-0"]
[WhiteElo "655"]
[BlackElo "1061"]

1. g3 e5 2. Bg2 Nf6 3. d3 d5 4. e3 Nc6 5. Bd2 Bc5 6. c3 b6 7. b4 Be7 8. a4 a6
9. Qc2 O-O 10. Ne2 Bb7 11. O-O d4 12. e4 dxc3 13. Bxc3 Nd4 14. Nxd4 exd4 15.
Bd2 Rc8 16. Re1 c5 17. Qc4 b5 18. axb5 axb5 19. Qxb5 Bc6 20. Qc4 Rb8 21. e5
Bb5 22. Qb3 Qc7 23. exf6 Bxf6 24. Na3 Qb6 25. Nc4 Bxc4 26. Qxc4 cxb4 27. Reb1
Qd6 28. Bxb4 Rxb4 29. Qxb4 Qxb4 30. Rxb4 g6 31. Be4 Re8 32. Kg2 Kg7 33. h4 h5
34. f3 Rc8 35. f4 Rc2+ 36. Kf3 Rh2 37. Bd5 Rh3 38. Rb7 Bxh4 39. Rg1 Kh6 40.
Rxf7 Bxg3 41. Rxg3 {#r} 1-0

[Event "Eastern Idaho Open"]
[Site "Pocatello, ID"]
[Date "2012.09.22"]
[Round "3.6"]
[White "Blake, Isaac"]
[Black "Shirts, Kerry Alma"]
[Result "1-0"]
[WhiteElo "752"]
[BlackElo "789"]

1. Nf3 Nf6 2. d3 g6 3. Nbd2 Bg7 4. g3 d6 5. Bg2 e5 6. O-O O-O 7. Re1 Be6 8. e4
Nc6 9. h3 Qd7 10. Ng5 h6 11. Nxe6 fxe6 12. Nf3 Rf7 13. c3 Raf8 14. Be3 b6 15.
d4 Nxe4 16. dxe5 Nxe5 17. Nxe5 Bxe5 18. Bxe4 g5 19. Qh5 Rf6 20. Re2 d5 21. Rd1
Qa4 22. Bc2 Qc4 23. Bxg5 R6f7 24. Qg6+ Rg7 25. Qxe6+ Rgf7 26. Qxe5 hxg5 27.
Qxg5+ Rg7 28. Qe5 Qc5 29. Qe6+ Rgf7 30. Rf1 Qd6 31. Qxd6 cxd6 32. f4 Rc8 33.
Re6 Rc6 34. Rg6+ Kf8 35. f5 d4 36. Rf3 dxc3 37. Rxc3 Rxc3 38. bxc3 Re7 39. Re6
Rc7 40. Rxd6 Rxc3 41. Bb3 Rc1+ 42. Rd1 Rc3 43. Kf2 Ke7 44. h4 a5 45. h5 a4 46.
Bxa4 Rc4 47. Bb3 Rb4 48. Re1+ Kf6 49. h6 Rd4 50. Re6+ Kxf5 51. h7 Rd8 52. Rh6
Kg5 53. h8=Q Rxh8 54. Rxh8 {#r} 1-0

[Event "Eastern Idaho Open"]
[Site "Pocatello, ID"]
[Date "2012.09.23"]
[Round "4.1"]
[White "Morrow, Hans M"]
[Black "Gorman, Cody Austin"]
[Result "0-1"]
[WhiteElo "1900"]
[BlackElo "1383"]

1. d4 Nf6 2. c4 e6 3. Nc3 Bb4 4. Qc2 b6 5. a3 Bxc3+ 6. Qxc3 Bb7 7. f3 d5 8.
Bg5 dxc4 9. e4 h6 10. Bh4 Nc6 11. Ne2 Nxe4 12. Bxd8 Nxc3 13. bxc3 Rxd8 14. Ng3
Na5 15. Ne4 Rd5 16. Be2 O-O 17. O-O Rfd8 18. f4 R5d7 19. Nd2 Bd5 20. Nf3 f6
21. Rab1 Rc8 22. Rfd1 Nb7 23. Kf2 Nd6 24. Nd2 c5 25. dxc5 Rxc5 26. Rb4 b5 27.
Bf3 a6 28. g4 Kf8 29. Rbb1 Bxf3 30. Kxf3 Ke7 31. Nf1 Rd5 32. Rxd5 exd5 33. Ke3
Ne4 34. Kd4 Kd6 35. Ne3 Kc6 36. a4 Nxc3 37. Kxc3 d4+ 38. Kb4 dxe3 39. axb5+
axb5 40. Ra1 e2 41. Ra6+ Kd5 42. Ra1 Re7 {#R} 0-1

[Event "Eastern Idaho Open"]
[Site "Pocatello, ID"]
[Date "2012.09.23"]
[Round "4.2"]
[White "Owen, Gary"]
[Black "Roland, Jeffrey T"]
[Result "1/2-1/2"]
[WhiteElo "1587"]
[BlackElo "1700"]

1. e4 e5 2. Nf3 Nc6 3. Bb5 a6 4. Ba4 d6 5. O-O Nf6 6. d4 b5 7. Bb3 Nxd4 8.
Nxd4 exd4 9. Bd5 Nxd5 10. exd5 Be7 11. Qxd4 O-O 12. Nc3 Bf5 13. Qd1 Bf6 14.
Bd2 Qd7 15. Rb1 Rfe8 16. Bf4 b4 17. Ne2 Qa4 18. Nd4 Bxd4 19. Qxd4 Re4 20. Qd2
Qxa2 21. f3 Rc4 22. Rfc1 Rxc2 23. Rxc2 Qxb1+ 24. Rc1 Qd3 {Black offered a
draw.} {#d} 1/2-1/2

[Event "Eastern Idaho Open"]
[Site "Pocatello, ID"]
[Date "2012.09.23"]
[Round "4.3"]
[White "Hollingsworth, Gary M"]
[Black "Avila, Joe L"]
[Result "1-0"]
[WhiteElo "1365"]
[BlackElo "655"]

1. e4 b6 2. Nf3 Bb7 3. d3 e6 4. g3 Nf6 5. Bg2 Nc6 6. O-O h5 7. Nbd2 d6 8. c3
Qd7 9. e5 Ng4 10. d4 Be7 11. a4 O-O-O 12. Nc4 Ba6 13. exd6 Bxc4 14. dxe7 Nxe7
15. Re1 Bd5 16. Nh4 Kb8 17. a5 f6 18. Qe2 g5 19. axb6 cxb6 20. Bxd5 Qxd5 21.
Qxe6 Rhe8 22. Qxd5 Rxd5 23. Ng6 Rd7 24. b3 h4 25. Ba3 Nxg6 26. Rxe8+ Kb7 27.
Rae1 hxg3 28. hxg3 Nh6 29. R1e6 Rf7 30. Be7 Kc7 31. Rxf6 Kd7 32. Ra8 Kxe7 33.
Rxg6 Rf6 34. Rxa7+ Ke6 35. Rxf6+ Kxf6 36. Rb7 Nf5 37. Rxb6+ Ke7 38. b4 Nd6 39.
Rxd6 Kxd6 40. c4 g4 41. f4 {#r} 1-0

[Event "Eastern Idaho Open"]
[Site "Pocatello, ID"]
[Date "2012.09.23"]
[Round "4.4"]
[White "Porth, Adam"]
[Black "Blake, Isaac"]
[Result "1-0"]
[WhiteElo "1304"]
[BlackElo "752"]

1. e4 c6 2. Nf3 d5 3. e5 Bf5 4. d4 Nd7 5. Bg5 Bg4 6. Be2 Bxf3 7. Bxf3 c5 8.
Bxd5 e6 9. Bxd8 exd5 10. Bg5 Ne7 11. O-O Nf5 12. c3 Be7 13. Bf4 O-O 14. Qg4 g6
15. Nd2 h5 16. Qe2 cxd4 17. e6 Nf6 18. exf7+ Rxf7 19. Be5 Nd7 20. Bxd4 Re8 21.
Qe6 Nf8 22. Qxd5 Nxd4 23. cxd4 Rd8 24. Qc4 Bg5 25. Nf3 Bf6 26. Rad1 Kg7 27.
Ne5 Bxe5 28. dxe5 Re8 29. Rfe1 Rfe7 30. Qd4 Kg8 31. f4 Ne6 32. Qe4 Kf7 33. Rf1
{#r} 1-0

[Event "Eastern Idaho Open"]
[Site "Pocatello, ID"]
[Date "2012.09.23"]
[Round "4.5"]
[White "Shirts, Kerry Alma"]
[Black "Corrigan, Michael"]
[Result "0-1"]
[WhiteElo "789"]
[BlackElo "1767"]

1. d4 Nf6 2. c4 c5 3. Nf3 cxd4 4. Nxd4 e5 5. Nb3 Nc6 6. e3 d6 7. Nc3 Be6 8.
Nd5 Bxd5 9. cxd5 Nb8 10. Qc2 Nbd7 11. e4 Rc8 12. Qd3 a6 13. Be2 Be7 14. O-O
O-O 15. f4 exf4 16. Bxf4 Ne5 17. Qg3 Nfd7 18. Nd4 Bf6 19. Bh6 Kh8 20. Bxg7+
Bxg7 21. Bg4 Nxg4 22. Qxg4 Bxd4+ 23. Kh1 Rg8 24. Qh3 Ne5 25. Rf5 Rc2 26. Rg1
Bxg1 {#R} 0-1

[Event "Eastern Idaho Open"]
[Site "Pocatello, ID"]
[Date "2012.09.22"]
[Round "4.6"]
[White "Blake, Lloyd"]
[Black "Nathan, Jacob Ari"]
[Result "1/2-1/2"]
[WhiteElo "1061"]
[BlackElo "665"]

1. e4 c5 2. Nf3 d6 3. d3 Bg4 4. Nc3 Nc6 5. Be2 Nf6 6. Bf4 g6 7. h3 Bxf3 8.
Bxf3 Nd4 9. e5 dxe5 10. Bxe5 Nxf3+ 11. Qxf3 Qb6 12. O-O Qxb2 13. Nd5 Qxe5 14.
Nxf6+ exf6 15. Rfe1 Bg7 16. Rab1 O-O 17. Rxe5 fxe5 18. Rxb7 a6 19. Qd5 Rad8
20. Qxc5 Rc8 21. Qd6 Rxc2 22. Qxa6 Rc1+ 23. Kh2 Rc2 24. f3 e4 25. dxe4 Be5+
26. Kg1 Rd8 27. Rb1 Rdd2 28. Qf1 Rxa2 29. f4 Rf2 30. Qxf2 Rxf2 31. Kxf2 Bxf4
32. Kf3 Bg5 33. Rb5 Bf6 34. e5 Be7 35. Ke4 Kg7 36. Rb7 Kf8 37. Kd5 Ke8 38. Kc6
Kf8 39. Kd7 Bg5 40. Rb5 Bf4 41. e6 fxe6 42. Kxe6 h5 43. Rb7 g5 44. g4 hxg4 45.
hxg4 Be3 46. Kf5 Bd2 47. Rb6 Ke7 48. Rg6 Kf7 49. Rxg5 Bxg5 50. Kxg5 Kg7 51.
Kf5 Kf7 52. g5 Kg7 53. g6 Kg8 54. Kf6 Kf8 55. g7+ Kg8 56. Kg6 {Stalemate} {#d}
1/2-1/2

[Event "Eastern Idaho Open"]
[Site "Pocatello, ID"]
[Date "2012.09.23"]
[Round "5.1"]
[White "Gorman, Cody Austin"]
[Black "Owen, Gary"]
[Result "1-0"]
[WhiteElo "1383"]
[BlackElo "1587"]

1. b3 Nf6 2. Bb2 e6 3. Nf3 d5 4. e3 Be7 5. Be2 O-O 6. O-O c5 7. Ne5 Nc6 8.
Nxc6 bxc6 9. f4 a5 10. d3 Qb6 11. Nd2 c4 12. d4 cxb3 13. cxb3 Ba6 14. Bxa6
Rxa6 15. Qc1 Ng4 16. Re1 c5 17. Ba3 Rc8 18. Qc3 Ra7 19. h3 Nf6 20. dxc5 Bxc5
21. Bxc5 Rxc5 22. Qd4 Rac7 23. Rac1 Qb4 24. Rxc5 Qxc5 25. Nf3 Ne4 26. Qxc5
Rxc5 27. Nd4 Nd6 28. Rb1 g6 29. Rb2 Rc1+ 30. Kf2 Ne4+ 31. Ke2 Rg1 32. Kf3 Rf1+
33. Kg4 h5+ 34. Kh4 Rc1 35. Rc2 Rxc2 36. Nxc2 Nc3 37. a3 f6 38. Kg3 e5 39. Kf2
Kf7 40. Ke1 Ke6 41. Kd2 Nb5 42. a4 Nd6 43. b4 Nc4+ 44. Kc3 Kd6 45. bxa5 Nxa5
46. Kb4 Nc4 47. Kb5 g5 48. fxg5 fxg5 49. e4 Nd2 50. exd5 Kxd5 51. Ne3+ Kd4 52.
Nf5+ Kd5 53. a5 Nb3 54. a6 Ke4 55. Ng3+ Kd3 56. a7 Nd4+ 57. Kb6 h4 58. Nh5 e4
59. a8=Q e3 60. Qa3+ Kd2 61. Qa5+ Kd3 62. Qxg5 Kd2 63. Qxh4 Nc2 64. Nf4 {#r}
1-0

[Event "Eastern Idaho Open"]
[Site "Pocatello, ID"]
[Date "2012.09.23"]
[Round "5.2"]
[White "Hollingsworth, Gary M"]
[Black "Morrow, Hans M"]
[Result "0-1"]
[WhiteElo "1365"]
[BlackElo "1900"]

1. e4 c5 2. Nf3 d6 3. d4 cxd4 4. Nxd4 Nf6 5. Nc3 a6 6. Bg5 e6 7. f4 Be7 8. Qf3
h6 9. Bh4 Qc7 10. O-O-O Nc6 11. f5 Nxd4 12. Rxd4 b5 13. Rd2 Bb7 14. fxe6 fxe6
15. Bd3 O-O 16. Qh3 Qc8 17. g4 b4 18. Nd1 e5 19. Bxf6 Bxf6 20. Kb1 Bg5 21. Re2
Rf4 22. Rg1 Qe6 23. Rf2 Raf8 24. Rgf1 a5 25. Qg2 d5 26. Rxf4 exf4 27. Re1 f3
28. Qg3 dxe4 29. Bxe4 Bxe4 30. Nf2 Bxc2+ {#R} 0-1

[Event "Eastern Idaho Open"]
[Site "Pocatello, ID"]
[Date "2012.09.23"]
[Round "5.3"]
[White "Roland, Jeffrey T"]
[Black "Porth, Adam"]
[Result "1/2-1/2"]
[WhiteElo "1700"]
[BlackElo "1304"]

1. d4 e6 2. e4 d5 3. Nd2 c5 4. exd5 Qxd5 5. Ngf3 cxd4 6. Bc4 Qd8 7. O-O Bc5 8.
Nb3 b6 9. Nbxd4 Bb7 10. c3 Nd7 11. Re1 Ngf6 12. Qe2 O-O 13. Ne5 Bxd4 14. cxd4
Nxe5 15. dxe5 Nd5 16. Bd2 Qe7 {Black offered a draw.} {#d} 1/2-1/2

[Event "Eastern Idaho Open"]
[Site "Pocatello, ID"]
[Date "2012.09.23"]
[Round "5.4"]
[White "Avila, Joe L"]
[Black "Corrigan, Michael"]
[Result "0-1"]
[WhiteElo "655"]
[BlackElo "1767"]

1. d3 d5 2. e3 e5 3. g3 Nf6 4. Bg2 Be7 5. Nc3 c6 6. b3 Bb4 7. Nge2 d4 8. Bd2
dxc3 9. Nxc3 Nbd7 10. a3 Ba5 11. b4 Bc7 12. Ne4 O-O 13. Bc3 Nd5 14. Bb2 f5 15.
Nd2 f4 16. e4 N5b6 17. Nc4 fxg3 18. hxg3 Nxc4 19. dxc4 Qf6 20. Qe2 a5 21. Bc3
Nb6 22. c5 Na4 23. Qd2 Nxc3 24. O-O axb4 25. Qd3 Bg4 26. f3 Be6 27. g4 Nb5 28.
Rfb1 Rad8 29. Qe3 bxa3 30. Rf1 Ba5 31. Bh3 Bc3 32. g5 Qe7 33. Kh2 Bxh3 34.
Kxh3 Bd4 35. Qb3+ Kh8 36. c4 Bxa1 37. cxb5 Bd4 38. Kg4 Rf4+ 39. Kh5 g6+ {#R}
0-1

[Event "Eastern Idaho Open"]
[Site "Pocatello, ID"]
[Date "2012.09.23"]
[Round "5.5"]
[White "Blake, Isaac"]
[Black "Blake, Lloyd"]
[Result "1/2-1/2"]
[WhiteElo "752"]
[BlackElo "1061"]

1. Nf3 Nf6 2. d3 g6 3. Nbd2 Bg7 4. g3 O-O 5. Bg2 d6 6. O-O Nbd7 7. Re1 Re8 8.
e4 e5 9. c3 b6 10. d4 Bb7 11. d5 c5 12. Nc4 Qc7 13. Bg5 b5 14. Bxf6 Nxf6 15.
Ncd2 a5 16. a3 b4 17. axb4 axb4 18. Rxa8 Rxa8 19. cxb4 cxb4 20. Qb3 Rb8 21.
Qxb4 Bxd5 22. Qa4 Bc6 23. Qc2 Qa7 24. Qxc6 Ng4 25. Rf1 Bh6 26. h3 Nxf2 27.
Rxf2 Be3 28. Kh2 Bxf2 29. Qxd6 Rc8 30. Qxe5 Rc1 31. Qe8+ Kg7 32. Qe5+ Kg8 33.
Qe8+ Kg7 34. Qe5+ {#d} 1/2-1/2

[Event "Eastern Idaho Open"]
[Site "Pocatello, ID"]
[Date "2012.09.23"]
[Round "5.6"]
[White "Nathan, Jacob Ari"]
[Black "Shirts, Kerry Alma"]
[Result "0-1"]
[WhiteElo "665"]
[BlackElo "789"]

1. e4 e5 2. Nf3 Nc6 3. d4 d6 4. Bc4 Nf6 5. dxe5 Nxe4 6. exd6 Bxd6 7. Qe2 Qe7
8. Bxf7+ Kxf7 9. Ng5+ Nxg5 10. Qxe7+ Bxe7 11. O-O Bf5 12. f4 Bc5+ 13. Kh1 Nh3
14. gxh3 Be4+ 15. Rf3 Bxf3# 0-1


[Site "Pocatello, ID"]
[Date "2019.09.14"]
[Round "4.4"]
[White "Wang, Leonardo"]
[Black "Belew, Finn"]
[Result "0-1"]
[WhiteElo "833"]
[BlackElo "1359"]
[EventType "swiss"]
[EventRounds "4"]
[EventCountry "USA"]

1. d4 d5 2. Bf4 Nf6 3. e3 e6 4. Bd3 Bd6 5. Bg3 Bxg3 6. hxg3 Nbd7 7. c3 h6 8.
Nf3 c5 9. Nbd2 c4 10. Be2 b5 11. b3 Ba6 12. b4 Rg8 13. a4 Qc7 14. a5 Bb7 15.
Qc2 a6 16. O-O-O Rf8 17. Rh2 Ng4 18. Rh4 Nxf2 19. Rf1 Ne4 20. Nxe4 dxe4 21.
Nd2 Qxg3 22. Rg4 Qxe3 23. Re1 Qf2 24. Kd1 Qf6 25. Nxe4 Bxe4 26. Qxe4 Rd8 27.
d5 Qe5 28. dxe6 Nf6+ 29. Kc1 Nxe4 30. Bf3 Qxc3+ 31. Kb1 Qxe1+ 32. Kb2 Rd2+ 33.
Ka3 Qa1# 0-1

[Event "Eastern Idaho Open"]
[Site "Pocatello, ID"]
[Date "2019.09.14"]
[Round "4.3"]
[White "Ang, Ching-E Nobel"]
[Black "McKenzie, Niall"]
[Result "0-1"]
[WhiteElo "1377"]
[BlackElo "899"]
[EventType "swiss"]
[EventRounds "4"]
[EventCountry "USA"]

1. d4 Nf6 2. c4 g6 3. Nc3 Bg7 4. e4 d6 5. Nf3 O-O 6. Be2 e6 7. O-O Nc6 8. h3
Re8 9. Be3 Bd7 10. Rb1 a6 11. b4 Ne7 12. Qd2 d5 13. e5 Ne4 14. Nxe4 dxe4 15.
Nh2 Nf5 16. Bg5 Qc8 17. g4 Ne7 18. f3 exf3 19. Rxf3 Bc6 20. Rf2 Qd7 21. Qf4
Rf8 22. Bf3 Rad8 23. Rd1 Bxf3 24. Nxf3 Rc8 25. Bh6 b5 26. Bxg7 Kxg7 27. Qf6+
Kg8 28. cxb5 axb5 29. Qh4 Kg7 30. Ng5 h6 31. Ne4 Nd5 32. Nf6 Nxf6 33. exf6+
Kh7 34. Qg3 c5 35. bxc5 Rxc5 36. Rfd2 Rd5 37. h4 e5 38. Qf3 exd4 39. h5 g5 40.
Qe4+ Kg8 41. Rxd4 Rxd4 42. Qxd4 Qxd4+ 43. Rxd4 Rb8 44. Rb4 Ra8 45. Rb2 Ra4 46.
Rg2 Rf4 47. Kh2 Rxf6 48. Rb2 Ra6 49. Rxb5 Rxa2+ 50. Kg3 Kg7 51. Rb7 Ra5 52.
Kf3 Ra4 53. Rc7 Rf4+ 54. Kg3 Kh8 55. Rc8+ Kg7 56. Rc7 Kf6 57. Rc8 Ke5 58. Rh8
Rf6 59. Re8+ Re6 60. Rb8 Rd6 61. Rb7 f5 62. gxf5 Kxf5 63. Rb5+ Ke6 64. Rb4 Ke5
65. Ra4 Rd3+ 66. Kg2 Rd6 67. Rb4 Kf5 68. Kg3 Re6 69. Rb5+ Re5 70. Rb6 Re6 71.
Rb5+ Ke4 72. Rb4+ Kf5 73. Rb5+ Re5 74. Rb6 Re3+ 75. Kf2 Re6 76. Rb5+ Kg4 77.
Rb3 Kxh5 78. Rh3+ Kg6 79. Rf3 Rf6 {#R} 0-1

[Event "Eastern Idaho Open"]
[Site "Pocatello, ID"]
[Date "2019.09.14"]
[Round "4.2"]
[White "Owen, Gary"]
[Black "Derryberry, DeWayne"]
[Result "0-1"]
[WhiteElo "1556"]
[BlackElo "1639"]
[EventType "swiss"]
[EventRounds "4"]
[EventCountry "USA"]

1. e4 e6 2. d4 d5 3. e5 c5 4. Nf3 Nc6 5. Bd3 cxd4 6. Bb5 Qa5+ 7. c3 Qxb5 8.
cxd4 Bb4+ 9. Nc3 Nge7 10. Bd2 Bxc3 11. Bxc3 Bd7 12. a4 Qb6 13. O-O a5 14. Rc1
h6 15. Kh1 Nb4 16. b3 Na2 17. Rc2 Nxc3 18. Rxc3 Rc8 19. Qd3 Rxc3 20. Qxc3 Nc6
21. h3 Qb4 22. Rc1 Qxc3 23. Rxc3 Ke7 24. g4 Rc8 25. Kg2 Nb4 26. Rxc8 Bxc8 27.
Ne1 b6 28. f4 Ba6 29. Kf3 Bd3 30. Ke3 Be4 31. Kd2 f6 32. h4 g5 33. hxg5 hxg5
34. fxg5 fxe5 35. dxe5 Kf7 36. Ke3 Kg6 37. Kf4 Nc6 {#R} 0-1

[Event "Eastern Idaho Open"]
[Site "Pocatello, ID"]
[Date "2019.09.14"]
[Round "4.1"]
[White "Companyo Pagerols, Josep Maria"]
[Black "Gentillon, Randy"]
[Result "1-0"]
[WhiteElo "2058"]
[BlackElo "1516"]
[EventType "swiss"]
[EventRounds "4"]
[EventCountry "USA"]

1. f4 d5 2. Nf3 c5 3. e3 Nc6 4. b3 Nf6 5. Bb2 e6 6. Bb5 a6 7. Bxc6+ bxc6 8.
O-O Be7 9. Ne5 Bb7 10. d3 Nd7 11. Qg4 Nxe5 12. fxe5 g6 13. Nd2 Rf8 14. Rf2 h5
15. Qh3 f5 16. exf6 Bxf6 17. Qxe6+ Qe7 18. Rxf6 Rxf6 19. Qxf6 Qxe3+ 20. Qf2
Qxf2+ 21. Kxf2 O-O-O {#r} 1-0

[Event "Eastern Idaho Open"]
[Site "Pocatello, ID"]
[Date "2019.09.14"]
[Round "3.5"]
[White "McKenzie, Niall"]
[Black "Wang, Leonardo"]
[Result "1-0"]
[WhiteElo "899"]
[BlackElo "833"]
[EventType "swiss"]
[EventRounds "4"]
[EventCountry "USA"]

1. e4 c5 2. Nf3 d6 3. Bb5+ Bd7 4. Bxd7+ Nxd7 5. O-O g6 6. c3 Bg7 7. d4 Ngf6 8.
Re1 O-O 9. Bf4 Qb6 10. Qd2 Qc7 11. Bh6 Qb6 12. Bxg7 Kxg7 13. Na3 e5 14. Nc4
Qc7 15. dxe5 dxe5 16. Qg5 Rae8 17. Rad1 b5 18. Nd6 Rb8 19. Nxe5 Rb6 20. Nxd7
Nxd7 21. Nf5+ Kh8 22. Nh6 Ne5 23. Rd5 Nd7 24. Qe7 Qd8 25. Qxd8 Rxd8 26. Nxf7+
Kg7 27. Nxd8 Nf6 28. Rxc5 Rb8 29. Rc7+ Kg8 30. e5 Ne8 31. Rd7 b4 32. e6 Nf6
33. e7 bxc3 34. e8=Q+ Nxe8 35. Rxe8# 1-0

[Event "Eastern Idaho Open"]
[Site "Pocatello, ID"]
[Date "2019.09.14"]
[Round "3.4"]
[White "Belew, Finn"]
[Black "Gentillon, Randy"]
[Result "0-1"]
[WhiteElo "1359"]
[BlackElo "1516"]
[EventType "swiss"]
[EventRounds "4"]
[EventCountry "USA"]

1. c4 e5 2. Nc3 Nf6 3. g3 c6 4. e4 d5 5. exd5 cxd5 6. cxd5 Nxd5 7. Bg2 Nxc3 8.
bxc3 Qd3 9. Qe2 Qxe2+ 10. Nxe2 Nc6 11. O-O Bc5 12. Kh1 Bf5 13. f4 Bd3 14. Bf3
e4 15. Bg2 Bxe2 16. Re1 Bd3 17. Bb2 f5 18. Bh3 O-O 19. Kg2 Rae8 20. Bc1 Na5
21. a4 Nc4 22. a5 e3 23. dxe3 Nxe3+ 24. Bxe3 Bxe3 25. Kf3 Bd2 26. Rg1 Be4+ 27.
Kf2 Bc6 28. Rgd1 Be3+ 29. Ke2 Bxf4+ 30. Kf2 Be3+ 31. Kf1 Bb5+ 32. Kg2 Bc5 33.
Ra2 Bc6+ 34. Kf1 Rd8 35. Rc1 f4 36. g4 f3 37. c4 Be4 38. g5 Bd3+ 39. Ke1 Rfe8+
40. Be6+ Rxe6+ 41. Kd1 Bxc4+ 42. Kc2 Bxa2 43. Kb2 Re2+ 44. Kc3 Re3+ 45. Kc2
Bb3+ 46. Kb2 Rd2+ 47. Kb1 Ba2+ 48. Ka1 Bd4+ 49. Rc3 Bxc3# 0-1